LIBRARY ONLINE CATALOGUE

The message of Ruth : (Record no. 21258)

MARC details
000 -LEADER
fixed length control field 01271cam a2200361 a 4500
001 - CONTROL NUMBER
control field 953056
003 - CONTROL NUMBER IDENTIFIER
control field OSt
005 - DATE AND TIME OF LATEST TRANSACTION
control field 20260216145744.0
008 - FIXED-LENGTH DATA ELEMENTS--GENERAL INFORMATION
fixed length control field 841123t19851983enk b 000 0 eng
010 ## - LIBRARY OF CONGRESS CONTROL NUMBER
LC control number 84027785
020 ## - INTERNATIONAL STANDARD BOOK NUMBER
International Standard Book Number 0877842949 (U.S.) :
Terms of availability $4.95
020 ## - INTERNATIONAL STANDARD BOOK NUMBER
International Standard Book Number 9780877842941
035 ## - SYSTEM CONTROL NUMBER
System control number 953056
040 ## - CATALOGING SOURCE
Original cataloging agency DLC
Transcribing agency DLC
Modifying agency OCoLC
-- DLC
050 00 - LIBRARY OF CONGRESS CALL NUMBER
Classification number BS1315.3
Item number .A85 1985
082 00 - DEWEY DECIMAL CLASSIFICATION NUMBER
Classification number 222/.35077
Edition number 19
100 1# - MAIN ENTRY--PERSONAL NAME
Personal name Atkinson, David John,
Dates associated with a name 1943-
245 14 - TITLE STATEMENT
Title The message of Ruth :
Remainder of title the wings of refuge /
Statement of responsibility, etc. David Atkinson.
260 ## - PUBLICATION, DISTRIBUTION, ETC. (IMPRINT)
Place of publication, distribution, etc. Leicester [Leicestershire] England ;
-- Downers Grove, Ill., U.S.A. :
Name of publisher, distributor, etc. Inter-Varsity Press,
Date of publication, distribution, etc. [1985] c1983.
300 ## - PHYSICAL DESCRIPTION
Extent 128 p. ;
Dimensions 21 cm.
336 ## - CONTENT TYPE
Content type term text
Content type code txt
Source rdacontent
337 ## - MEDIA TYPE
Media type term unmediated
Media type code n
Source rdamedia
338 ## - CARRIER TYPE
Carrier type term volume
Carrier type code nc
Source rdacarrier
440 #4 - SERIES STATEMENT/ADDED ENTRY--TITLE
Title The Bible speaks today
500 ## - GENERAL NOTE
General note Rev. ed. of: The wings of refuge. c1983.
504 ## - BIBLIOGRAPHY, ETC. NOTE
Bibliography, etc Includes bibliographical references.
630 00 - SUBJECT ADDED ENTRY--UNIFORM TITLE
Uniform title Bible.
Name of part/section of a work Ruth
General subdivision Commentaries.
700 1# - ADDED ENTRY--PERSONAL NAME
Personal name Atkinson, David John,
Dates associated with a name 1943-
Title of a work Wings of refuge.
730 0# - ADDED ENTRY--UNIFORM TITLE
Uniform title Bible.
Name of part/section of a work Ruth.
Language of a work English.
Version Revised Standard.
Date of a work 1985.
906 ## - LOCAL DATA ELEMENT F, LDF (RLIN)
a 7
b cbc
c orignew
d 1
e ocip
f 19
g y-gencatlg
942 ## - ADDED ENTRY ELEMENTS (KOHA)
Source of classification or shelving scheme Library of Congress Classification
Koha item type General Collection
Holdings
Withdrawn status Lost status Source of classification or shelving scheme Not for loan Home library Current library Shelving location Date acquired Source of acquisition Inventory number Total Checkouts Full call number Barcode Date last seen Copy number Price effective from Koha item type
    Library of Congress Classification   Kabarak, Main Campus Kabarak, Main Campus General Stacks 16/02/2026 Donation 2025/2303   BS1315.3 .A85 1985 C.1 39135 16/02/2026 C.1 16/02/2026 General Collection